00880cam a2200205 a 450000100100000000500170001000800410002704000250006808200180009310000570011124500750016826000730024330000170031644000390033350400730037265100520044560000410049795201210053899900150065900000237920200929150206.0770725s1965 ho b f001 0bspa  aDO-SdBNPbspacBNPHU a972.83bD964d1 aDurón y Gamero, Rómulo Ernesto,d1865-19429756010aDon Joaquín Rivera y su tiempo /cRómulo Ernesto Durón y Gamero. aTegucigalpa, Honduras :bMinisterio de Educación Pública,c1965. av. ;c20 cm. 0aRómulo E. Durón ;vno. 397561 aIncluye referencias bibliográficas y notas al pie de las páginas 4aHondurasxHistoriaxPolítica Y Gobierno9756210aRIVERA, JOAQUÍN,d1795-1845.97563 001052708MOaGRbGRcHDd2009-07-07iLF1l0o972.83 D964dp2379-10r2020-06-25w2020-06-25y2ZPréstamo interno c2219d2219